000 00225nam a22000857a 4500
008 160712b xxu||||| |||| 00| 0 eng d
100 _92683
_a Musser, J., et al
245 _aFire on the Hills
260 _aIlli
_b Tyndale House
_c1998
999 _c2333
_d2333